Countries Containing Letter A - Statistics

General Stats
  • This quiz has been taken 61 times
    50 since last reset
  • The average score is 132 of 166
Answer Stats
Answer the Country! % Correct
Australia
96%
Russia
96%
Austria
92%
Canada
92%
Chad
92%
China
92%
France
92%
India
92%
Ireland
92%
United States
92%
Angola
88%
Antigua and Barbuda
88%
Argentina
88%
Bahamas
88%
Bahrain
88%
Bosnia and Herzegovina
88%
Brazil
88%
Cuba
88%
Finland
88%
Italy
88%
Japan
88%
Laos
88%
Mongolia
88%
Oman
88%
Pakistan
88%
Afghanistan
85%
Albania
85%
Algeria
85%
Andorra
85%
Armenia
85%
Azerbaijan
85%
Bangladesh
85%
Barbados
85%
Colombia
85%
Costa Rica
85%
Croatia
85%
Dominican Republic
85%
Grenada
85%
Guatemala
85%
Iceland
85%
Jamaica
85%
Jordan
85%
Kazakhstan
85%
Nauru
85%
Netherlands
85%
Nicaragua
85%
North Korea
85%
North Macedonia
85%
Norway
85%
Paraguay
85%
Serbia
85%
Tonga
85%
United Arab Emirates
85%
Uruguay
85%
Belarus
81%
Bhutan
81%
Cambodia
81%
Cameroon
81%
Denmark
81%
Dominica
81%
El Salvador
81%
Eritrea
81%
Ethiopia
81%
Germany
81%
Guinea
81%
Guyana
81%
Haiti
81%
Indonesia
81%
Iran
81%
Iraq
81%
Kyrgyzstan
81%
Latvia
81%
Liberia
81%
Lithuania
81%
Malaysia
81%
Marshall Islands
81%
Monaco
81%
New Zealand
81%
Nigeria
81%
Palau
81%
Papua New Guinea
81%
Qatar
81%
Saint Kitts and Nevis
81%
Saint Lucia
81%
Saint Vincent and theGrenadines
81%
Saudi Arabia
81%
Slovakia
81%
South Africa
81%
Spain
81%
Bolivia
77%
Botswana
77%
Bulgaria
77%
Central AfricanRepublic
77%
Estonia
77%
Gambia
77%
Georgia
77%
Guinea-Bissau
77%
Honduras
77%
Kenya
77%
Kuwait
77%
Libya
77%
Maldives
77%
Myanmar
77%
Panama
77%
Portugal
77%
Romania
77%
Rwanda
77%
San Marino
77%
Slovenia
77%
Somalia
77%
South Korea
77%
Tajikistan
77%
Trinidad and Tobago
77%
Uganda
77%
Ukraine
77%
Vietnam
77%
Burkina Faso
73%
Democratic Republicof the Congo
73%
East Timor
73%
Ecuador
73%
Equatorial Guinea
73%
Eswatini
73%
Federated States ofMicronesia
73%
Hungary
73%
Madagascar
73%
Mali
73%
Malta
73%
Mauritius
73%
Moldova
73%
Poland
73%
Samoa
73%
Sierra Leone
73%
Solomon Islands
73%
Sri Lanka
73%
Sudan
73%
Switzerland
73%
Syria
73%
Taiwan
73%
Thailand
73%
Turkmenistan
73%
Tuvalu
73%
Uzbekistan
73%
Vanuatu
73%
Vatican City
73%
Zambia
73%
Cape Verde
69%
Ghana
69%
Israel
69%
Kiribati
69%
Lebanon
69%
Malawi
69%
Mauritania
69%
Mozambique
69%
Namibia
69%
Nepal
69%
Senegal
69%
Singapore
69%
South Sudan
69%
Suriname
69%
Tanzania
69%
Tunisia
69%
Zimbabwe
69%
Venezuela
65%
Gabon
62%
Ivory Coast
62%
São Tomé andPríncipe
62%
No matching quizzes found
Score Distribution
Percent of People with Each Score
Percentile by Number Answered
Your Score History
You have not taken this quiz since the last reset